The Costs and Benefits of Eastern Enlargement: The Impact on the EU and Central Europe (Record no. 3447)

MARC details
000 -LEADER
fixed length control field 00564nam a22002297i 4500
001 - CONTROL NUMBER
control field 3497
003 - CONTROL NUMBER IDENTIFIER
control field OSt
005 - DATE AND TIME OF LATEST TRANSACTION
control field 20170126082319.0
007 - PHYSICAL DESCRIPTION FIXED FIELD--GENERAL INFORMATION
fixed length control field tu
008 - FIXED-LENGTH DATA ELEMENTS--GENERAL INFORMATION
fixed length control field 161220s1997 xxu||||| |||| 00| 0 d
024 7# - OTHER STANDARD IDENTIFIER
Standard number or code 3496
Source of number or code RID
024 7# - OTHER STANDARD IDENTIFIER
Standard number or code 3497
Source of number or code RSN (alt)
040 ## - CATALOGING SOURCE
Transcribing agency OSt
084 ## - OTHER CLASSIFICATION NUMBER
Classification number 11.431
Number source z
100 1# - MAIN ENTRY--PERSONAL NAME
Personal name Baldwin, Richard E.
245 00 - TITLE STATEMENT
Title The Costs and Benefits of Eastern Enlargement: The Impact on the EU and Central Europe
260 ## - PUBLICATION, DISTRIBUTION, ETC.
Date of publication, distribution, etc. 1997
300 ## - PHYSICAL DESCRIPTION
Extent 30 S. :
Other physical details Tab. ;
Dimensions 30cm.
651 ## - SUBJECT ADDED ENTRY--GEOGRAPHIC NAME
Geographic name EU
700 1# - ADDED ENTRY--PERSONAL NAME
Personal name Francois, Joseph F.
700 1# - ADDED ENTRY--PERSONAL NAME
Personal name Portes, Richard
942 ## - ADDED ENTRY ELEMENTS (KOHA)
Koha item type Book
Holdings
Withdrawn status Lost status Damaged status Not for loan Home library Current library Shelving location Date acquired Inventory number Total Checkouts Full call number Barcode Date last seen Price effective from Koha item type
        WIIW WIIW Library 05/27/1997 3497   II-6.171 303495 01/26/2017 01/26/2017 Book
The Vienna Instiute for International Economic Studies (wiiw)